<?xml version="1.0" encoding="UTF-8"?>
<collection xmlns="http://www.loc.gov/MARC21/slim">
<record>
  <controlfield tag="001">165016</controlfield>
  <controlfield tag="005">20251204150238.0</controlfield>
  <datafield tag="024" ind1="7" ind2=" ">
    <subfield code="2">doi</subfield>
    <subfield code="a">10.4995/anuari.2025.24160</subfield>
  </datafield>
  <datafield tag="024" ind1="8" ind2=" ">
    <subfield code="2">sideral</subfield>
    <subfield code="a">146431</subfield>
  </datafield>
  <datafield tag="037" ind1=" " ind2=" ">
    <subfield code="a">ART-2025-146431</subfield>
  </datafield>
  <datafield tag="041" ind1=" " ind2=" ">
    <subfield code="a">cat</subfield>
  </datafield>
  <datafield tag="100" ind1=" " ind2=" ">
    <subfield code="a">Bergera, Iñaki</subfield>
  </datafield>
  <datafield tag="245" ind1=" " ind2=" ">
    <subfield code="a">Los asentamientos de la Línea P. De la mirada proyectual al valor patrimonial</subfield>
  </datafield>
  <datafield tag="260" ind1=" " ind2=" ">
    <subfield code="c">2025</subfield>
  </datafield>
  <datafield tag="520" ind1="3" ind2=" ">
    <subfield code="a">L’Organització Defensiva dels Pirineus, coneguda com a Línia P, és la major fortifi cació territorial construïda a Europa després de la Segona Guerra Mundial. Per tal de contenir qualsevol possible incursió militar internacional, es van cridar a construir entre 1945 i 1955 i al llarg de tota la serralada prop de la meitat dels gairebé 10.000 assentaments previstos de diferents mides i tipologies funcionals. Sense arribar a entrar mai en ús pel canvi produït en les relacions geopolítiques del règim de Franco, constitueixen un extraordinari llegat de la memòria històrica de l’Espanya del segle XX i d’ un patrimoni construït d’ innegable valor arquitectònic i paisatgístic. Sobre la base d’un inèdit projecte documental fotogràfi c centrat a inventariar els prop de 200 búnquers existents en el Sector 23 de la Línia P (situat a la Comarca de l’Alt Gàllego de la província d’Osca), aquest article té com a objecte desbrossar els valors arquitectònics (espacials, constructius, formals i funcionals) i paisatgístics d’aquestes obres disperses en el territori i establir l’interès patrimonial d’aquesta infraestructura defensiva que a penes ha començat a ser avaluada críticament en tot el seu abast.</subfield>
  </datafield>
  <datafield tag="506" ind1="0" ind2=" ">
    <subfield code="a">Access copy available to the general public</subfield>
    <subfield code="f">Unrestricted</subfield>
  </datafield>
  <datafield tag="536" ind1=" " ind2=" ">
    <subfield code="9">info:eu-repo/grantAgreement/ES/DGA/H19-23R</subfield>
    <subfield code="9">info:eu-repo/grantAgreement/ES/DGA/T44-23R</subfield>
  </datafield>
  <datafield tag="540" ind1=" " ind2=" ">
    <subfield code="9">info:eu-repo/semantics/openAccess</subfield>
    <subfield code="a">by-nc-sa</subfield>
    <subfield code="u">https://creativecommons.org/licenses/by-nc-sa/4.0/deed.es</subfield>
  </datafield>
  <datafield tag="655" ind1=" " ind2="4">
    <subfield code="a">info:eu-repo/semantics/article</subfield>
    <subfield code="v">info:eu-repo/semantics/publishedVersion</subfield>
  </datafield>
  <datafield tag="700" ind1=" " ind2=" ">
    <subfield code="a">Hernández Martínez, Ascensión</subfield>
  </datafield>
  <datafield tag="773" ind1=" " ind2=" ">
    <subfield code="g">5 (2025), 360-386</subfield>
    <subfield code="p">Anu. arquit. soc.</subfield>
    <subfield code="t">Anuari d'Arquitectura i Societat</subfield>
    <subfield code="x">2792-7598</subfield>
  </datafield>
  <datafield tag="856" ind1="4" ind2=" ">
    <subfield code="s">6472908</subfield>
    <subfield code="u">http://zaguan.unizar.es/record/165016/files/texto_completo.pdf</subfield>
    <subfield code="y">Versión publicada</subfield>
  </datafield>
  <datafield tag="856" ind1="4" ind2=" ">
    <subfield code="s">1419611</subfield>
    <subfield code="u">http://zaguan.unizar.es/record/165016/files/texto_completo.jpg?subformat=icon</subfield>
    <subfield code="x">icon</subfield>
    <subfield code="y">Versión publicada</subfield>
  </datafield>
  <datafield tag="909" ind1="C" ind2="O">
    <subfield code="o">oai:zaguan.unizar.es:165016</subfield>
    <subfield code="p">articulos</subfield>
    <subfield code="p">driver</subfield>
  </datafield>
  <datafield tag="951" ind1=" " ind2=" ">
    <subfield code="a">2025-12-04-14:39:22</subfield>
  </datafield>
  <datafield tag="980" ind1=" " ind2=" ">
    <subfield code="a">ARTICLE</subfield>
  </datafield>
</record>
</collection>